[Event "Pere Noel U1800"]
[Site "Montreal CAN"]
[Date "2023.12.30"]
[Round "5.32"]
[White "Hammoud, Khaled"]
[Black "Chen, Rae"]
[Result "0-1"]
[WhiteElo "1372"]
[BlackElo "1549"]
[PlyCount "86"]
[EventDate "2023.12.27"]
[EventType "swiss"]
[EventRounds "5"]
[EventCountry "CAN"]

1. e4 d6 2. d4 Nf6 3. Nc3 c6 4. Nf3 Qa5 5. Bd2 Nbd7 6. b4 Qc7 7. a3 e5 8. dxe5
dxe5 9. Bc4 b5 10. Bb3 Be7 11. O-O O-O 12. Re1 Bb7 13. Bg5 a6 14. Bxf6 Nxf6 15.
Qd2 Rad8 16. Qg5 Nxe4 17. Qe3 Nxc3 18. Qxc3 e4 19. Rxe4 Bf6 20. Nd4 c5 21. Rae1
Bxe4 22. Rxe4 Rxd4 23. Rxd4 Bxd4 24. Qf3 c4 25. Ba2 Re8 26. g3 Qe5 27. a4 Qe1+
28. Kg2 Qe4 29. Qxe4 Rxe4 30. Kf3 Re1 31. axb5 axb5 32. Bxc4 bxc4 33. b5 Rc1
34. b6 Bxb6 35. h4 Rxc2 36. h5 Rd2 37. h6 c3 38. hxg7 c2 39. g4 c1=Q 40. g5 Qe1
41. g6 Rxf2+ 42. Kg3 Qg1+ 43. Kh3 Rh2# 0-1

[Event "Pere Noel U1800"]
[Site "Montreal CAN"]
[Date "2023.12.30"]
[Round "5.33"]
[White "Chen, Chen"]
[Black "Saillant, Christopher"]
[Result "1-0"]
[WhiteElo "1530"]
[BlackElo "1375"]
[PlyCount "61"]
[EventDate "2023.12.27"]
[EventType "swiss"]
[EventRounds "5"]
[EventCountry "CAN"]

1. e4 b6 2. Nc3 Bb7 3. d4 e6 4. Bd3 Bb4 5. Nge2 c5 6. Bd2 d5 7. Bb5+ Bc6 8.
Bxc6+ Nxc6 9. dxc5 bxc5 10. exd5 exd5 11. O-O Nge7 12. Nf4 O-O 13. Qh5 Rb8 14.
Rad1 g6 15. Qh3 Qd6 16. Ncxd5 Rfd8 17. Bxb4 Nxb4 18. Nxe7+ Qxe7 19. Qf3 Nxc2
20. Qc3 Rxd1 21. Rxd1 Nd4 22. Re1 Qf6 23. Nd5 Qg5 24. Qxc5 Qd2 25. Nf6+ Kg7 26.
Qe5 Nc6 27. Ne8+ Kh6 28. Qg7+ Kg5 29. Qf6+ Kh5 30. Ng7+ Kh6 31. Nf5+ 1-0

[Event "Pere Noel U1800"]
[Site "Montreal CAN"]
[Date "2023.12.30"]
[Round "5.36"]
[White "Robillard, Guillaume"]
[Black "Saillant, William"]
[Result "0-1"]
[WhiteElo "1650"]
[BlackElo "1467"]
[PlyCount "79"]
[EventDate "2023.12.27"]
[EventType "swiss"]
[EventRounds "5"]
[EventCountry "CAN"]

1. e4 c5 2. Nf3 g6 3. Nc3 Nc6 4. Bb5 Bg7 5. O-O a6 6. Bxc6 bxc6 7. e5 h5 8. Re1
Nh6 9. d3 O-O 10. Ne4 d6 11. Rb1 Bf5 12. Ng3 Bg4 13. exd6 exd6 14. h3 Be6 15.
b3 Nf5 16. Ne4 Bd5 17. c4 Bxe4 18. dxe4 Nd4 19. Be3 Qb6 20. b4 Qa7 21. bxc5
dxc5 22. Bg5 Rfe8 23. e5 Qd7 24. Bf4 Rad8 25. Qd3 Qe6 26. Rb2 Nxf3+ 27. Qxf3
Qxc4 28. Rc1 Qd4 29. Rbc2 Bxe5 30. Bxe5 Rxe5 31. Qxc6 Rde8 32. Kh2 Re2 33. Qf3
Qd6+ 34. g3 Rxc2 35. Rxc2 Qd4 36. Qc6 Re6 37. Qa8+ Kg7 38. Kg2 c4 39. Qf3 Qe4
40. a4 0-1

[Event "Pere Noel U1800"]
[Site "Montreal CAN"]
[Date "2023.12.30"]
[Round "5.37"]
[White "Tang-Han, Sean"]
[Black "Nica, Ion"]
[Result "1/2-1/2"]
[WhiteElo "1418"]
[BlackElo "1634"]
[PlyCount "55"]
[EventDate "2023.12.27"]
[EventType "swiss"]
[EventRounds "5"]
[EventCountry "CAN"]

1. e4 d5 2. exd5 Nf6 3. Nc3 Nxd5 4. Nf3 Bf5 5. Bc4 e6 6. Qe2 Nf4 7. Qf1 Bxc2 8.
d4 Bd6 9. Bxf4 Bxf4 10. Qe2 Bg6 11. O-O O-O 12. Rad1 c6 13. Ne5 Nd7 14. Nxg6
hxg6 15. Qf3 Bg5 16. Ne4 Be7 17. Qg4 Nb6 18. Bb3 Nd5 19. Nc3 Qc7 20. Nxd5 exd5
21. Rc1 Qd6 22. f4 f5 23. Qg3 Bf6 24. Rfd1 Rae8 25. Bc2 Re2 26. Qf3 Rfe8 27. g3
R8e3 28. Qf1 1/2-1/2

[Event "Pere Noel U1800"]
[Site "Montreal CAN"]
[Date "2023.12.30"]
[Round "5.38"]
[White "Kiryakov, Marin"]
[Black "Bergeron, Jean-Guy"]
[Result "1-0"]
[WhiteElo "1604"]
[BlackElo "1427"]
[PlyCount "115"]
[EventDate "2023.12.27"]
[EventType "swiss"]
[EventRounds "5"]
[EventCountry "CAN"]

1. e4 Nc6 2. d4 e5 3. Nf3 exd4 4. Bc4 Nf6 5. e5 d5 6. Bb5 Ne4 7. Nxd4 Bd7 8.
Bxc6 bxc6 9. O-O c5 10. Nb3 Bb5 11. Re1 Be7 12. Nc3 Nxc3 13. bxc3 O-O 14. Ba3
c4 15. Bxe7 Qxe7 16. Nd4 Bd7 17. f4 Qc5 18. Qf3 Bf5 19. Kh1 Be4 20. Qg3 Kh8 21.
e6 Qe7 22. f5 fxe6 23. fxe6 c5 24. Nf3 Qxe6 25. Ng5 Qf5 26. Nxe4 dxe4 27. Qe3
Rae8 28. Kg1 Qe5 29. Rab1 a6 30. Rb6 Rf6 31. Qxe4 Rxb6 32. Qxe5 Rxe5 33. Rxe5
g6 34. Rxc5 Rb2 35. a4 Rxc2 36. Rxc4 Ra2 37. Rb4 a5 38. Rc4 Kg7 39. Rg4 Ra3 40.
Rc4 Kf6 41. Kf2 Ra2+ 42. Kf3 Ke6 43. h4 Kd5 44. Rc7 Rxa4 45. Rxh7 Rc4 46. Ra7
Rxc3+ 47. Kf4 Rc5 48. Kg5 Kc4+ 49. Kxg6 Kb3 50. g4 Rc6+ 51. Kh5 a4 52. g5 a3
53. g6 Rc8 54. g7 a2 55. Kg6 Kb2 56. Kh7 a1=Q 57. Rxa1 Kxa1 58. g8=Q 1-0

[Event "Pere Noel U1800"]
[Site "Montreal CAN"]
[Date "2023.12.30"]
[Round "5.39"]
[White "Rauch, Damien"]
[Black "Zhou, Julian"]
[Result "1-0"]
[WhiteElo "1531"]
[BlackElo "1147"]
[PlyCount "105"]
[EventDate "2023.12.27"]
[EventType "swiss"]
[EventRounds "5"]
[EventCountry "CAN"]

1. e4 c6 2. Nc3 d5 3. Nf3 d4 4. Ne2 c5 5. c3 d3 6. Nf4 c4 7. Qa4+ Nc6 8. Qxc4
e5 9. Nd5 Be6 10. Qxd3 Qd7 11. Ne3 Qxd3 12. Bxd3 O-O-O 13. Bb5 Nf6 14. d3 a6
15. Bxc6 bxc6 16. Ke2 Bc5 17. Nxe5 Rd6 18. d4 Ba7 19. f3 Rhd8 20. N5c4 Bxc4+
21. Nxc4 Re6 22. Bg5 c5 23. dxc5 Bxc5 24. Rhd1 Rde8 25. Be3 Bxe3 26. Nxe3 Nd7
27. Nf5 Rf6 28. Nd6+ Kd8 29. Nxe8 Kxe8 30. g3 Rh6 31. h4 g5 32. Rh1 gxh4 33.
Rxh4 Rg6 34. g4 h6 35. Rah1 Rb6 36. b3 Rc6 37. c4 Ke7 38. Rxh6 Rxh6 39. Rxh6 a5
40. Ra6 Nc5 41. Rxa5 Nd7 42. Ra7 Ke6 43. Rxd7 Kxd7 44. Kd3 Kd6 45. Kd4 f6 46.
c5+ Kc6 47. f4 Kc7 48. Kd5 Kd7 49. c6+ Kc7 50. Ke6 Kxc6 51. Kxf6 Kd7 52. Kf7
Kd8 53. g5 1-0

[Event "Pere Noel U1800"]
[Site "Montreal CAN"]
[Date "2023.12.30"]
[Round "5.40"]
[White "Liao, Minyan"]
[Black "Sun, Jonathan"]
[Result "0-1"]
[WhiteElo "1491"]
[BlackElo "1398"]
[PlyCount "87"]
[EventDate "2023.12.27"]
[EventType "swiss"]
[EventRounds "5"]
[EventCountry "CAN"]

1. e4 d6 2. d4 Nf6 3. Nc3 g6 4. h3 Bg7 5. Be3 c6 6. Qd2 b5 7. Bd3 Nbd7 8. Nf3
e5 9. d5 cxd5 10. Nxb5 Nb6 11. Qb4 O-O 12. Qxd6 dxe4 13. Qxd8 Rxd8 14. Nxe5
exd3 15. Nc7 Bb7 16. Nxa8 Bxa8 17. O-O-O Bxg2 18. Rh2 Bb7 19. Rxd3 Re8 20. Bxb6
axb6 21. Nc4 Bh6+ 22. Kd1 Bf4 23. Nd6 Rd8 24. Nxb7 Rxd3+ 25. cxd3 Bxh2 26. b4
Nd5 27. a3 Nf4 28. Kc2 Nxh3 29. Kc3 Nxf2 30. Kc4 g5 31. a4 g4 32. a5 bxa5 33.
bxa5 Bb8 34. Nd8 g3 35. Nc6 g2 36. Nxb8 g1=Q 37. Nc6 Nd1 38. Kb5 Nc3+ 39. Ka6
Qc5 40. Kb7 Qb5+ 41. Kc7 Qa6 42. d4 Nb5+ 43. Kb8 Qxc6 44. d5 0-1

[Event "Pere Noel U1800"]
[Site "Montreal CAN"]
[Date "2023.12.30"]
[Round "5.41"]
[White "Zhao, Alex"]
[Black "Chaudari, Prabhas"]
[Result "1-0"]
[WhiteElo "1315"]
[BlackElo "1487"]
[PlyCount "83"]
[EventDate "2023.12.27"]
[EventType "swiss"]
[EventRounds "5"]
[EventCountry "CAN"]

1. e4 c6 2. f4 d5 3. e5 c5 4. Nf3 Nc6 5. d4 Bg4 6. dxc5 e6 7. Be3 Nge7 8. Be2
Nf5 9. Bf2 Bxc5 10. Bxc5 Qa5+ 11. b4 Nxb4 12. Bxb4 Qxb4+ 13. Qd2 Qb2 14. Qc3
Qc1+ 15. Kf2 Qxh1 16. Na3 Qxa1 17. Qxa1 O-O 18. Nd4 Bxe2 19. Nxf5 exf5 20. Kxe2
Rac8 21. Kd3 a6 22. h3 Rc6 23. Qb2 b5 24. Qb4 Rfc8 25. c3 h6 26. Qb2 Rc5 27.
Nc2 g6 28. Nd4 Rc4 29. a3 Kg7 30. g4 fxg4 31. hxg4 Re8 32. Qe2 Rec8 33. Kd2
R8c7 34. f5 g5 35. f6+ Kg8 36. Nf5 Kh7 37. Nd4 Kg8 38. Kc2 b4 39. axb4 Rxb4 40.
Qh2 Kf8 41. e6 Rbc4 42. Qxh6+ 1-0

[Event "Pere Noel U1800"]
[Site "Montreal CAN"]
[Date "2023.12.30"]
[Round "5.43"]
[White "Zlotnikov, Jonathan"]
[Black "Ouni, Iheb"]
[Result "1/2-1/2"]
[WhiteElo "1422"]
[BlackElo "1363"]
[PlyCount "120"]
[EventDate "2023.12.27"]
[EventType "swiss"]
[EventRounds "5"]
[EventCountry "CAN"]

1. e4 d5 2. exd5 Qxd5 3. Nf3 Bg4 4. Be2 Nf6 5. h3 Bxf3 6. Bxf3 Qe5+ 7. Qe2
Qxe2+ 8. Kxe2 c6 9. d4 Nbd7 10. Nc3 e5 11. d5 cxd5 12. Nxd5 Rc8 13. Nc3 Bb4 14.
Bxb7 Rc7 15. Bf3 Bxc3 16. bxc3 Rxc3 17. Kd1 O-O 18. Bb2 Rc7 19. g4 Rfc8 20. Rc1
Rd8 21. Ke2 e4 22. Bg2 Nc5 23. Bc3 Rdc8 24. Be5 Rc6 25. Rhd1 Ncd7 26. Bxf6 Nxf6
27. g5 Nh5 28. Bxe4 Re6 29. Kf3 g6 30. Rd7 Rc4 31. Bd5 Rf4+ 32. Kg2 Re2 33. Bf3
Re5 34. Rd5 Rxd5 35. Bxd5 Rf5 36. Bb3 Rxg5+ 37. Kf3 Rf5+ 38. Kg2 Nf4+ 39. Kh2
Ne2 40. Rf1 Nd4 41. Kg3 h5 42. f3 Kf8 43. Rf2 a5 44. c3 Nxb3 45. axb3 Rb5 46.
Rb2 a4 47. b4 Rb7 48. Ra2 Rc7 49. Rxa4 Rxc3 50. b5 Rb3 51. Ra8+ Ke7 52. Rc8 Kd7
53. Rf8 f5 54. Rf6 Rb1 55. h4 Kc7 56. Kf4 Rg1 57. Ke3 Rh1 58. Rxg6 Rxh4 59. Kf2
Rb4 60. Rh6 h4 1/2-1/2

[Event "Pere Noel U1800"]
[Site "Montreal CAN"]
[Date "2023.12.30"]
[Round "5.44"]
[White "Bedard, Michel"]
[Black "Gauthier, Luc"]
[Result "0-1"]
[WhiteElo "1593"]
[BlackElo "1670"]
[PlyCount "78"]
[EventDate "2023.12.27"]
[EventType "swiss"]
[EventRounds "5"]
[EventCountry "CAN"]

1. d4 d5 2. Nc3 c5 3. e4 e6 4. exd5 exd5 5. Bb5+ Nc6 6. dxc5 d4 7. Qe2+ Be6 8.
Ne4 Nf6 9. Nxf6+ Qxf6 10. Qe4 Rc8 11. b4 d3 12. Rb1 Qc3+ 13. Bd2 Qxc2 14. Rc1
Qxa2 15. Bc4 Qb2 16. Bxe6 fxe6 17. Qxe6+ Kd8 18. Nf3 Nxb4 19. Ne5 Qd4 20. O-O
Kc7 21. Rc4 Qd5 22. Qf7+ Kb8 23. Bxb4 Qxe5 24. Bd2 Qe7 25. Qf4+ Ka8 26. Re1 Qd7
27. Rd4 Qc6 28. Rxd3 Bxc5 29. Qg3 Rhf8 30. Be3 Bxe3 31. Rdxe3 Rfe8 32. Re5 Rf8
33. Re7 a6 34. Rxg7 Rfe8 35. f3 Qc5+ 36. Kf1 Qc4+ 37. Kg1 Qd4+ 38. Kf1 Rxe1+
39. Kxe1 Qe3+ 0-1

[Event "Pere Noel U1800"]
[Site "Montreal CAN"]
[Date "2023.12.30"]
[Round "5.45"]
[White "Sonko, Babacar"]
[Black "Germain, Max jr"]
[Result "1-0"]
[WhiteElo "1526"]
[BlackElo "1426"]
[PlyCount "76"]
[EventDate "2023.12.27"]
[EventType "swiss"]
[EventRounds "5"]
[EventCountry "CAN"]

1. e4 c5 2. d3 e6 3. Nd2 Nc6 4. Ngf3 Qc7 5. g3 Nge7 6. Bg2 d5 7. O-O d4 8. a4
e5 9. Nc4 Bg4 10. h3 Be6 11. Ng5 Bxc4 12. dxc4 h6 13. Nf3 Ng6 14. Ne1 Bd6 15.
Nd3 O-O 16. h4 Nge7 17. Qg4 Kh7 18. Bd2 g6 19. b4 Nxb4 20. Bxb4 cxb4 21. c5
Bxc5 22. f4 Bd6 23. Rf2 a5 24. Raf1 Qc8 25. Qxc8 Raxc8 26. fxe5 Bb8 27. Rxf7+
Kg8 28. Rxe7 Rxc2 29. Rxf8+ Kxf8 30. Rxb7 Bc7 31. Rb5 Rc3 32. Bf1 Ke7 33. Rd5
Ke6 34. Nc5+ Ke7 35. Rd7+ Ke8 36. e6 Rc1 37. Rg7 Rxc5 38. Rxg6 Ke7 {
Illisible 1-0 en 50 coups} 1-0

[Event "Pere Noel U1800"]
[Site "Montreal CAN"]
[Date "2023.12.30"]
[Round "5.46"]
[White "Dauphinais, Sophie"]
[Black "Wang, Andrew"]
[Result "1-0"]
[WhiteElo "1461"]
[BlackElo "1258"]
[PlyCount "79"]
[EventDate "2023.12.27"]
[EventType "swiss"]
[EventRounds "5"]
[EventCountry "CAN"]

1. e4 e5 2. Bc4 Nf6 3. Nc3 Nc6 4. d3 h6 5. f4 exf4 6. Bxf4 Bc5 7. h3 d6 8. Nf3
Na5 9. Bb3 Nxb3 10. axb3 O-O 11. Na4 Re8 12. Nxc5 dxc5 13. O-O Be6 14. Qe1 Qd7
15. Qf2 b6 16. Be5 Qe7 17. Bc3 Red8 18. Nh4 Nh5 19. g4 Qg5 20. Kh2 Nf4 21. Nf5
Bxf5 22. gxf5 Nh5 23. Rg1 Qe7 24. f6 Qd6+ 25. e5 Qe6 26. Qf3 Nxf6 27. Qxf6 Qxf6
28. exf6 g6 29. Rge1 a5 30. Re7 Rac8 31. Rae1 h5 32. Be5 c6 33. Bc7 Rf8 34.
Bxb6 Kh7 35. Bxc5 g5 36. Rd7 Kg6 37. Bxf8 Rxf8 38. Rd6 Rc8 39. Re5 h4 40. Rxa5
1-0

[Event "Pere Noel U1800"]
[Site "Montreal CAN"]
[Date "2023.12.30"]
[Round "5.47"]
[White "Imbeault, Marc"]
[Black "Rebhi, Mohamed"]
[Result "1-0"]
[WhiteElo "1276"]
[BlackElo "1256"]
[PlyCount "101"]
[EventDate "2023.12.27"]
[EventType "swiss"]
[EventRounds "5"]
[EventCountry "CAN"]

1. Nf3 Nc6 2. d3 d5 3. g3 h6 4. Bg2 e5 5. Nbd2 Bd6 6. e4 Be6 7. O-O Nf6 8. c3
Qd7 9. exd5 Nxd5 10. Nc4 Bh3 11. Re1 Bxg2 12. Kxg2 O-O-O 13. Ncxe5 Nxe5 14.
Nxe5 Qf5 15. Qf3 Qxf3+ 16. Kxf3 Rhf8 17. Bd2 Ne7 18. d4 f6 19. Nc4 Ng6 20.
Nxd6+ Rxd6 21. Bf4 Nxf4 22. Kxf4 Rd5 23. Re7 g6 24. Rae1 Rf5+ 25. Ke3 Kd8 26.
Re4 Kd7 27. f3 a5 28. Kf2 Rf7 29. c4 a4 30. d5 Kd6 31. a3 b6 32. f4 Rh5 33. Kg2
g5 34. g4 Rh4 35. Kg3 Kc5 36. Re7 Rxe7 37. Rxe7 Kxc4 38. Rxc7+ Kxd5 39. Rc2 f5
40. h3 fxg4 41. hxg4 h5 42. gxh5 Rxh5 43. f5 Rh4 44. Rf2 Rh7 45. Kg4 Rg7 46. f6
Rf7 47. Kxg5 Ke6 48. Kg6 Rf8 49. Re2+ Kd6 50. f7 b5 51. Kg7 1-0

[Event "Pion Frigant"]
[Site "Contrecoeur CAN"]
[Date "2023.10.06"]
[Round "1.3"]
[White "Deboosere, Adam"]
[Black "Tanaka, Tyler"]
[Result "0-1"]
[WhiteElo "2016"]
[BlackElo "2328"]
[PlyCount "75"]
[EventDate "2023.10.06"]
[EventType "swiss"]
[EventRounds "5"]
[EventCountry "CAN"]

1. d4 Nf6 2. Nf3 d5 3. c4 e6 4. e3 a6 5. Nc3 c5 6. dxc5 Bxc5 7. cxd5 exd5 8.
Be2 O-O 9. O-O Nc6 10. b3 Re8 11. Bb2 Bg4 12. Nd4 Bd7 13. Nxc6 bxc6 14. Bf3 Qe7
15. Rc1 Bd6 16. Ne2 Rac8 17. Qd4 c5 18. Qh4 Be5 19. Bxe5 Qxe5 20. Rc2 g5 21.
Qg3 g4 22. Nf4 Bf5 23. Rcc1 Kh8 24. Be2 Ne4 25. Qh4 Rg8 26. Rfd1 d4 27. Nd3 Qd6
28. exd4 cxd4 29. Rxc8 Bxc8 30. Qh5 f5 31. g3 Ng5 32. Nf4 Bb7 33. Rc1 Qe5 34.
Bd3 Nh3+ 35. Kf1 Nxf4 36. gxf4 Qxf4 37. Rc2 Qf3 38. Rd2 0-1

[Event "Pion Frigant"]
[Site "Contrecoeur CAN"]
[Date "2023.10.06"]
[Round "1.4"]
[White "Zheng, Richard"]
[Black "Turcotte, Jonathan"]
[Result "1-0"]
[WhiteElo "2289"]
[BlackElo "2002"]
[PlyCount "73"]
[EventDate "2023.10.06"]
[EventType "swiss"]
[EventRounds "5"]
[EventCountry "CAN"]

1. d4 d5 2. c4 c6 3. Nf3 Nf6 4. e3 Bf5 5. Nc3 e6 6. Nh4 Be4 7. f3 Bg6 8. Nxg6
hxg6 9. Qb3 Qc7 10. Bd2 Be7 11. Rc1 Nbd7 12. g3 a6 13. f4 dxc4 14. Qxc4 b5 15.
Qb3 c5 16. Bg2 Rc8 17. Ne2 O-O 18. O-O Qb6 19. Kh1 Rfd8 20. Rfd1 Qb8 21. h3 Nb6
22. Ba5 c4 23. Qc2 Nfd5 24. Bd2 c3 25. Nxc3 b4 26. Nxd5 Rxc2 27. Nxe7+ Kh7 28.
Rxc2 Qd6 29. Nc6 a5 30. Nxd8 Qxd8 31. Rdc1 g5 32. a3 gxf4 33. gxf4 Nd5 34. Rc5
g5 35. Be4+ f5 36. Bxd5 exd5 37. Rc8 1-0

[Event "Pion Frigant"]
[Site "Contrecoeur CAN"]
[Date "2023.10.06"]
[Round "1.6"]
[White "Batorshyn, Ilia	"]
[Black "Bain-Thouverez, Aurelien"]
[Result "1-0"]
[WhiteElo "2211"]
[BlackElo "1892"]
[PlyCount "95"]
[EventDate "2023.10.06"]
[EventType "swiss"]
[EventRounds "5"]
[EventCountry "CAN"]

1. e4 Nf6 2. e5 Nd5 3. c4 Nb6 4. c5 Nd5 5. Bc4 e6 6. Nc3 Qh4 7. Bxd5 exd5 8.
Nf3 Qc4 9. d4 Nc6 10. Qe2 Nb4 11. Qxc4 dxc4 12. O-O c6 13. Bg5 b6 14. cxb6 axb6
15. Nd2 Nc2 16. Rac1 Nxd4 17. Nxc4 Ba6 18. Nxb6 Rb8 19. Rfd1 Bc5 20. Nxd7 Kxd7
21. Be3 Ke7 22. Bxd4 Bxd4 23. Rxd4 Rxb2 24. Rd6 Rc8 25. f4 Rb4 26. g3 Rc4 27.
Rdd1 Rd8 28. Rxd8 Kxd8 29. Kf2 Rd4 30. Rc2 Rd3 31. Ne4 Bb5 32. Nd6 Ke7 33. Nf5+
Kf8 34. Rb2 Ra3 35. Ne3 g6 36. Rc2 Bd3 37. Rb2 Be4 38. Nc4 Rf3+ 39. Ke2 Rc3 40.
Rb8+ Kg7 41. Nd6 Bd5 42. Ne8+ Kh6 43. Nf6 Bxa2 44. g4 Bc4+ 45. Kd2 Rd3+ 46. Kc2
g5 47. Rg8 gxf4 48. g5# 1-0

[Event "Pion Frigant"]
[Site "Contrecoeur CAN"]
[Date "2023.10.06"]
[Round "1.7"]
[White "Zhe, Jia"]
[Black "Latorre, Vincent"]
[Result "0-1"]
[WhiteElo "1863"]
[BlackElo "2204"]
[PlyCount "66"]
[EventDate "2023.10.06"]
[EventType "swiss"]
[EventRounds "5"]
[EventCountry "CAN"]

1. d4 Nf6 2. Nf3 g6 3. g3 Bg7 4. Bg2 O-O 5. O-O d6 6. c4 Nbd7 7. Nc3 e5 8. e4
exd4 9. Nxd4 Re8 10. f3 a5 11. Be3 Nc5 12. Rb1 c6 13. Bf2 Nfd7 14. Na4 Ne5 15.
Nxc5 dxc5 16. Nc2 Nxc4 17. Qxd8 Rxd8 18. b3 Nd2 19. Rbd1 Be6 20. Rfe1 a4 21.
Bxc5 axb3 22. axb3 Bxb3 23. Bb4 Nxf3+ 24. Bxf3 Bxc2 25. Rxd8+ Rxd8 26. e5 Bf8
27. Rc1 Bf5 28. Bc3 Rd3 29. Be2 Re3 30. Kf1 Bh3+ 31. Kf2 Bc5 32. Ke1 Bg4 33.
Rc2 Bxe2 0-1

[Event "Pion Frigant"]
[Site "Contrecoeur CAN"]
[Date "2023.10.06"]
[Round "1.8"]
[White "Adam, Rafael"]
[Black "Hu, Raymond"]
[Result "1-0"]
[WhiteElo "2178"]
[BlackElo "1760"]
[PlyCount "91"]
[EventDate "2023.10.06"]
[EventType "swiss"]
[EventRounds "5"]
[EventCountry "CAN"]

1. e4 c5 2. Nf3 Nc6 3. Bb5 e6 4. Bxc6 bxc6 5. d3 d5 6. O-O Bd6 7. e5 Bc7 8. b3
Ne7 9. Ba3 Ng6 10. Re1 Bb6 11. c4 f6 12. Qc1 Ba5 13. Nc3 Bb4 14. Bxb4 cxb4 15.
Na4 O-O 16. d4 fxe5 17. Nxe5 Qh4 18. Qd2 Nxe5 19. Rxe5 Qf4 20. Qe3 dxc4 21.
bxc4 Ba6 22. Rc1 Qxe3 23. fxe3 Rf6 24. Ra5 Bc8 25. Rb1 Rb8 26. Rxa7 Rf5 27. Nc5
e5 28. Ra4 exd4 29. exd4 Rf4 30. Raxb4 Rxb4 31. Rxb4 Rxd4 32. Rb8 Rd8 33. a4
Kf7 34. a5 Rd1+ 35. Kf2 Be6 36. a6 Ra1 37. Rb7+ Kf6 38. a7 Bf5 39. Ke3 g5 40.
Kd4 Ra2 41. Kc3 Ke5 42. Kb4 Bc2 43. Kc3 Bf5 44. Kb3 Ra5 45. Kb4 Ra1 46. Nb3 1-0

[Event "Pion Frigant"]
[Site "Contrecoeur CAN"]
[Date "2023.10.07"]
[Round "2.3"]
[White "Tanaka, Tyler"]
[Black "Adam, Rafael"]
[Result "1-0"]
[WhiteElo "2328"]
[BlackElo "2178"]
[PlyCount "77"]
[EventDate "2023.10.06"]
[EventType "swiss"]
[EventRounds "5"]
[EventCountry "CAN"]

1. Nf3 d5 2. g3 g6 3. c4 c6 4. Bg2 Bg7 5. Qa4 Nd7 6. cxd5 Nb6 7. Qb3 cxd5 8. a4
e5 9. d3 Ne7 10. a5 Nd7 11. Nc3 d4 12. Ne4 O-O 13. O-O Nc6 14. Qa3 h6 15. Bd2
Nf6 16. Nd6 Ne8 17. Nxc8 Rxc8 18. a6 b6 19. Rfc1 Nd6 20. Qa4 Qd7 21. Rxc6 Qxc6
22. Qxc6 Rxc6 23. Nxd4 Rc7 24. Bb4 exd4 25. Bxd6 Rc2 26. Bxf8 Bxf8 27. Ra4 Rxb2
28. Rxd4 Rxe2 29. Rd7 Re1+ 30. Bf1 Re7 31. Rd8 Kg7 32. d4 Re6 33. Ra8 Rd6 34.
Rxa7 Rxd4 35. Rc7 Bc5 36. a7 Ra4 37. Bb5 Ra1+ 38. Kg2 Kf8 39. Rc8+ 1-0

[Event "Pion Frigant"]
[Site "Contrecoeur CAN"]
[Date "2023.10.07"]
[Round "2.4"]
[White "Latorre, Vincent"]
[Black "Zheng, Richard"]
[Result "1-0"]
[WhiteElo "2204"]
[BlackElo "2289"]
[PlyCount "87"]
[EventDate "2023.10.06"]
[EventType "swiss"]
[EventRounds "5"]
[EventCountry "CAN"]

1. e4 c6 2. d4 d5 3. f3 Qb6 4. Nc3 dxe4 5. fxe4 e5 6. Nf3 exd4 7. Nxd4 h5 8.
Bc4 Bg4 9. Nf3 Nd7 10. h3 Bxf3 11. gxf3 Ne5 12. Bb3 Be7 13. Qe2 Rd8 14. Be3 Bc5
15. Bf4 Qc7 16. Bd2 Rxd2 17. Kxd2 Qd8+ 18. Kc1 Qg5+ 19. Kb1 a5 20. a4 Ne7 21.
f4 Qxf4 22. Ka2 Qg3 23. Rhf1 b6 24. Rad1 Rh6 25. Qa6 Qxh3 26. Rf5 Rd6 27. Qa8+
Kd7 28. Qb7+ Kd8 29. Rxe5 Rxd1 30. Nxd1 Qf3 31. Nc3 h4 32. Rg5 g6 33. Qb8+ Kd7
34. Qh2 Bf2 35. Rg2 Bg3 36. Rd2+ Ke8 37. Qh3 f5 38. exf5 gxf5 39. Rd3 Qf2 40.
Qh1 Kf8 41. Qd1 Ng6 42. Qh5 Ne5 43. Rd8+ Kg7 44. Rg8+ 1-0

[Event "Pion Frigant"]
[Site "Contrecoeur CAN"]
[Date "2023.10.07"]
[Round "2.5"]
[White "Duval, Mathieu"]
[Black "Di Matteo, Alessio"]
[Result "0-1"]
[WhiteElo "1830"]
[BlackElo "2017"]
[PlyCount "50"]
[EventDate "2023.10.06"]
[EventType "swiss"]
[EventRounds "5"]
[EventCountry "CAN"]

1. d4 Nf6 2. c4 e6 3. Nc3 Bb4 4. e3 O-O 5. Bd3 c5 6. a3 cxd4 7. exd4 Bxc3+ 8.
bxc3 d5 9. Ne2 dxc4 10. Bxc4 b6 11. O-O h6 12. Nf4 Bb7 13. Qb3 Nc6 14. Bxe6
fxe6 15. Nxe6 Qd5 16. Qxd5 Nxd5 17. Nxf8 Rxf8 18. c4 Nc3 19. Re1 Ba6 20. d5 Nd4
21. Bb2 Nde2+ 22. Kh1 Rxf2 23. d6 Bb7 24. Rg1 Nxg1 25. Bxc3 Ne2 0-1

[Event "Pion Frigant"]
[Site "Contrecoeur CAN"]
[Date "2023.10.07"]
[Round "2.6"]
[White "Gauthier, Denis"]
[Black "Fiset, Anais Chloe"]
[Result "1-0"]
[WhiteElo "1811"]
[BlackElo "1849"]
[PlyCount "57"]
[EventDate "2023.10.06"]
[EventType "swiss"]
[EventRounds "5"]
[EventCountry "CAN"]

1. d4 d5 2. c4 e6 3. Nc3 a6 4. e3 Nf6 5. Nf3 Be7 6. Bd3 dxc4 7. Bxc4 c5 8. a4
O-O 9. O-O Nc6 10. b3 cxd4 11. exd4 Qc7 12. Be3 Rd8 13. Rc1 Qa5 14. Qe2 Bd6 15.
Rfd1 Qc7 16. Bg5 Be7 17. h3 Na5 18. Ne4 Nxe4 19. Qxe4 Nxc4 20. Rxc4 Qd6 21.
Rdc1 Bd7 22. Bxe7 Qxe7 23. Rc7 Qd6 24. Ng5 g6 25. Qh4 h5 26. Ne4 Qa3 27. R1c3
Bc6 28. Qf6 Rd7 29. R3xc6 1-0

[Event "Pion Frigant"]
[Site "Contrecoeur CAN"]
[Date "2023.10.07"]
[Round "2.7"]
[White "Bain-Thouverez, Aurelien"]
[Black "Pomerantz, Daniel"]
[Result "1/2-1/2"]
[WhiteElo "1892"]
[BlackElo "2150"]
[PlyCount "100"]
[EventDate "2023.10.06"]
[EventType "swiss"]
[EventRounds "5"]
[EventCountry "CAN"]

1. Nf3 d5 2. g3 c5 3. Bg2 Nc6 4. d4 Nf6 5. O-O e6 6. c4 dxc4 7. dxc5 Qxd1 8.
Rxd1 Bxc5 9. Nbd2 c3 10. bxc3 O-O 11. Nb3 Be7 12. Bb2 e5 13. c4 e4 14. Nfd2 e3
15. fxe3 Ng4 16. Nf1 Bg5 17. Ba3 Nxe3 18. Bxf8 Nxd1 19. Bxg7 Kxg7 20. Rxd1 Be6
21. Nc5 Bxc4 22. Rd7 Ne5 23. Rxb7 Rd8 24. Ne4 Bh6 25. Nc3 a6 26. h3 Rd6 27. Re7
Be6 28. Ne4 Rd1 29. Kh2 Ra1 30. Nc5 Kf6 31. Ra7 Rxa2 32. Rxa6 Rxe2 33. Ne4+ Kg7
34. g4 Bf4+ 35. Kh1 Bd5 36. Ra4 h5 37. gxh5 f5 38. Nf2 Rxf2 39. Bxd5 Rxf1+ 40.
Kg2 Rd1 41. Rxf4 Rxd5 42. Rxf5 Rd2+ 43. Kg3 Rd3+ 44. Kg2 Nf7 45. h4 Nd6 46. Ra5
Ne4 47. Ra4 Nf6 48. Ra7+ Kh6 49. Ra6 Kg7 50. Ra7+ Kh6 1/2-1/2

[Event "Pion Frigant"]
[Site "Contrecoeur CAN"]
[Date "2023.10.07"]
[Round "2.8"]
[White "Charaf, Bassel"]
[Black "Li, Yi Lin"]
[Result "1/2-1/2"]
[WhiteElo "2028"]
[BlackElo "2001"]
[PlyCount "106"]
[EventDate "2023.10.06"]
[EventType "swiss"]
[EventRounds "5"]
[EventCountry "CAN"]

1. c4 Nf6 2. Nc3 e6 3. e3 d5 4. Nf3 c6 5. d4 Nbd7 6. Bd3 dxc4 7. Bxc4 b5 8. Be2
Bd6 9. Qc2 O-O 10. O-O Re8 11. e4 e5 12. d5 cxd5 13. Nxd5 Nxd5 14. exd5 Rb8 15.
Be3 a6 16. a4 Bb7 17. axb5 axb5 18. Rfd1 b4 19. Bb5 Re7 20. Bc6 Rc8 21. Qa4 Nf6
22. Bg5 Rec7 23. Bxb7 Rxb7 24. Nd2 h6 25. Bxf6 Qxf6 26. Qa6 Qe7 27. Ne4 Rd8 28.
g3 f5 29. Nxd6 Rxd6 30. Qc4 Kh7 31. Ra4 Rdb6 32. Qc8 Rd7 33. Ra8 Qf7 34. Qh8+
Kg6 35. Rf8 Qe7 36. Re8 Qf6 37. Rb8 Rxb8 38. Qxb8 Qd6 39. Qb5 Kf7 40. Qd3 Kf6
41. Qb5 Ke7 42. Rd3 Rd8 43. Qb7+ Rd7 44. Qc8 Kf6 45. Qe8 Rc7 46. h4 Qe7 47. Qg8
Qd6 48. h5 Kg5 49. Qe8 Re7 50. Qf8 Rd7 51. Qe8 Re7 52. Qc8 Rd7 53. Qe8 Re7
1/2-1/2